| 000 | 00697nam a2200169Ia 4500 | ||
|---|---|---|---|
| 008 | 241102s9999||||xx |||||||||||||| ||und|| | ||
| 020 | _a9780443061905 | ||
| 060 |
_aWV 140 _b.H35 2000 |
||
| 245 | 0 | _aHall and Colman's diseases of the ear, nose, and throat. | |
| 250 | _a15th ed. / | ||
| 260 |
_aEdinburgh ;;New York : _bChurchill Livingstone, _c2000 |
||
| 300 |
_a224 p. : _bill. |
||
| 500 | _aRev. ed. of: Hall & Colman's diseases of the nose, throat and ear, and head and neck / Bernard H. Colman. 14th ed. 1992.;Includes index. | ||
| 650 | _aOtorhinolaryngologic Diseases | ||
| 700 | _aBurton, Martin.;Leighton, Susanna.;Robson, Andrew,;Russell, John,;Colman, Bernard H. | ||
| 942 |
_bDMC _cBK |
||
| 999 |
_c22801 _d22801 |
||